Normal view
MARC view
- Pincus, Marilyn
Entry Personal Name
001 - CONTROL NUMBER
- control field: 64342
003 - CONTROL NUMBER IDENTIFIER
- control field: NUST
005 - DATE AND TIME OF LATEST TRANSACTION
- control field: 20210628203246.0
008 - FIXED-LENGTH DATA ELEMENTS
- fixed length control field: 210628|| aca||aabn | a|a d
040 ## - CATALOGING SOURCE
- Original cataloging agency: NUST
- Transcribing agency: NUST
100 ## - HEADING--PERSONAL NAME
- Personal name: Pincus, Marilyn
670 ## - SOURCE DATA FOUND
- Source citation: Work cat.: (NUST): Pincus, Marilyn, Boost your presentation iq, proven techniques for winning presentations and speeches, 2006
